Modelluntersuchung des plasma des thermoionischer konverter in demdiffusions zustand. Thermodynamisches gleichgewicht; Перспективы развития фундаментальных наук

Bibliographic Details
Parent link:Перспективы развития фундаментальных наук.— 2012.— [С. 657-659]
Main Author: Strotschkova T. A.
Other Authors: Zimin W. P. Wjatscheslaw Prokopyevich (научный руководитель)
Summary:Заглавие с экрана
Проведен анализ модели низкотемпературной плазмы термоэмиссионного преобразователя на фазовой плоскости для случая термодинамического равновесия.
Language:German
Published: 2012
Series:Математика
Subjects:
Online Access:http://www.lib.tpu.ru/fulltext/c/2012/C21/221.pdf
Format: Electronic Book Chapter
KOHA link:https://koha.lib.tpu.ru/cgi-bin/koha/opac-detail.pl?biblionumber=238984

MARC

LEADER 00000naa2a2200000 4500
001 238984
005 20251205161857.0
035 |a (RuTPU)RU\TPU\book\260195 
035 |a RU\TPU\book\260193 
090 |a 238984 
100 |a 20130603d2012 k y0rusy50 ba 
101 0 |a ger 
102 |a RU 
135 |a drcn ---uucaa 
200 1 |a Modelluntersuchung des plasma des thermoionischer konverter in demdiffusions zustand. Thermodynamisches gleichgewicht  |f T. A. Strotschkova  |d Исследование модели плазмы термоэмиссионного преобразователя в диффузионном режиме. Термодинамическое равновесие  |g Wiss. Ltr. W. P. Zimin 
215 |a 1 файл(473 Кб) 
225 1 |a Математика 
300 |a Заглавие с экрана 
320 |a [Библиогр.: с. 659 (3 назв.)] 
330 |a Проведен анализ модели низкотемпературной плазмы термоэмиссионного преобразователя на фазовой плоскости для случая термодинамического равновесия. 
337 |a Adobe Reader 
463 1 |0 (RuTPU)RU\TPU\book\256864  |t Перспективы развития фундаментальных наук  |l Prospects of fundamental sciences development  |o сборник научных трудов IX Международной конференция студентов и молодых ученых, г. Томск, 24-27 апреля 2012 г.  |f Национальный исследовательский Томский политехнический университет (ТПУ) ; ред. коллегия Е. А. Вайтулевич ; Г. А. Лямина ; Г. А. Воронова ; М. П. Никитич ; А. М. Лидер ; Ю. Р. Цой ; М. Е. Семенов  |v [С. 657-659]  |d 2012 
510 1 |a Исследование модели плазмы термоэмиссионного преобразователя в диффузионном режиме. Термодинамическое равновесие  |z rus 
610 1 |a электронный ресурс 
610 1 |a труды учёных ТПУ 
610 1 |a исследование 
610 1 |a модели развития 
610 1 |a плазма 
610 1 |a термоэмиссионные преобразователи 
610 1 |a диффузия 
610 1 |a режимы 
610 1 |a термодинамическое равновесие 
700 1 |a Strotschkova  |b T. A. 
702 1 |a Zimin  |b W. P.  |c Fachmann auf dem Gebiet der Informatik und Rechentechnik  |c Dozent der Polytechnischen Universität Tomsk, Kandidat der technischen Wissenschaften  |f 1955-  |g Wjatscheslaw Prokopyevich  |4 727 
801 1 |a RU  |b 63413507  |c 20101016 
801 2 |a RU  |b 63413507  |c 20160221  |g RCR 
856 4 |u http://www.lib.tpu.ru/fulltext/c/2012/C21/221.pdf 
942 |c CF